[Event "CHI-ch sf"]
[Site "Vina del Mar"]
[Date "2022.02.11"]
[Round "5"]
[White "Montero Martinez, Cristian"]
[Black "Mujica Alcantara, Cristhian Luis"]
[Result "1-0"]
[WhiteElo "2021"]
[BlackElo "1657"]
[PlyCount "105"]
[EventDate "2022.02.08"]
[EventType "swiss"]
[EventRounds "8"]
[EventCountry "CHI"]
[SourceTitle "CBM 207 Extra"]
[Source "ChessBase"]
[SourceDate "2022.05.31"]
[SourceVersion "1"]
[SourceVersionDate "2022.05.31"]
[SourceQuality "1"]

1. d4 Nf6 2. Nf3 g6 3. Bf4 Bg7 4. e3 c5 5. c3 cxd4 6. exd4 Qb6 7. Qb3 0-0 8. Nbd2 Nc6 9. Nc4 Qd8 10. Nce5 Na5 11. Qd1 d6 12. Nc4 Bf5 13. Ne3 Be4 14. Nd2 b6 15. Nxe4 Nxe4 16. Bd3 Nf6 17. 0-0 d5 18. Re1 Qd7 19. Qe2 Nh5 20. Bg5 e5 21. dxe5 h6 22. Bb5 Qe6 23. Bh4 Qxe5 24. Rad1 Nf4 25. Qf1 d4 26. cxd4 Qd6 27. Bg3 Rad8 28. b4 Nb7 29. Ba6 Rd7 30. Nc4 Qf6 31. Ne5 Rc7 32. d5 Nd6 33. Ng4 Qf5 34. Ne3 Qf6 35. Rc1 Rd7 36. Rc6 g5 37. Nc4 Rfd8 38. Ne5 Qf5 39. Nxd7 Rxd7 40. Bxf4 Qxf4 41. a3 Bb2 42. Qd3 Kg7 43. g3 Qf6 44. Kg2 Qd8 45. Qf3 Ne8 46. h4 Nd6 47. hxg5 Qxg5 48. Bd3 Bxa3 49. Rh1 Bxb4 50. Rh4 Qd2 51. Qg4+ Kf8 52. Qxd7 Qxd3 53. Rxd6 1-0

[Event "CHI-ch sf"]
[Site "Vina del Mar"]
[Date "2022.02.11"]
[Round "4"]
[White "Mujica Alcantara, Cristhian Luis"]
[Black "Gasic Merino, Franco Ignacio"]
[Result "1/2-1/2"]
[WhiteElo "1657"]
[BlackElo "2190"]
[PlyCount "83"]
[EventDate "2022.02.08"]
[EventType "swiss"]
[EventRounds "8"]
[EventCountry "CHI"]
[SourceTitle "CBM 207 Extra"]
[Source "ChessBase"]
[SourceDate "2022.05.31"]
[SourceVersion "1"]
[SourceVersionDate "2022.05.31"]
[SourceQuality "1"]

1. d4 Nf6 2. c4 c5 3. d5 b5 4. cxb5 a6 5. bxa6 Bxa6 6. Nc3 d6 7. g3 g6 8. Bg2 Bg7 9. Nh3 0-0 10. 0-0 Nfd7 11. Qc2 Nb6 12. b3 Bxe2 13. Qxe2 Bxc3 14. Bh6 Re8 15. Rac1 Bg7 16. Bxg7 Kxg7 17. Nf4 N8d7 18. h4 Nf6 19. g4 h6 20. g5 hxg5 21. hxg5 Nh7 22. Qb2+ Kg8 23. Rc3 Nd7 24. Rh3 Ne5 25. Ne6 Qa5 26. f4 Qxa2 27. Qc3 fxe6 28. Rh6 Kg7 29. Qh3 Rh8 30. Qxe6 Nf7 31. Qxg6+ Kf8 32. Rxh7 Rxh7 33. Qxh7 Qb2 34. g6 Nh8 35. Re1 Qf6 36. f5 Ra7 37. Re6 Qd4+ 38. Kh2 Qf4+ 39. Kh3 Qxf5+ 40. Kh2 Qf4+ 41. Kh3 Qf5+ 42. Kh2 1/2-1/2

[Event "CHI-ch sf"]
[Site "Vina del Mar"]
[Date "2022.02.09"]
[Round "2"]
[White "Palma Neira, Eliseo Maximiliano"]
[Black "Mujica Alcantara, Cristhian Luis"]
[Result "1-0"]
[WhiteElo "2039"]
[BlackElo "1657"]
[PlyCount "109"]
[EventDate "2022.02.08"]
[EventType "swiss"]
[EventRounds "8"]
[EventCountry "CHI"]
[SourceTitle "CBM 207 Extra"]
[Source "ChessBase"]
[SourceDate "2022.05.31"]
[SourceVersion "1"]
[SourceVersionDate "2022.05.31"]
[SourceQuality "1"]

1. d4 Nf6 2. Nf3 g6 3. c4 Bg7 4. Nc3 d5 5. g3 0-0 6. Bg2 c6 7. 0-0 dxc4 8. Ne5 Nbd7 9. Nxc4 Nb6 10. Qd3 Nxc4 11. Qxc4 Be6 12. Qb4 Bc8 13. Rd1 Qd6 14. Qb3 Nh5 15. Ne4 Qe6 16. Qc2 Qf5 17. f3 Qb5 18. g4 Nf6 19. Nc3 Qb4 20. a3 Qd6 21. e4 Qc7 22. Be3 Bxg4 23. e5 Bf5 24. Qf2 Nd5 25. Bd2 Qd7 26. Qh4 Rfe8 27. Ne4 h5 28. Nc5 Qc7 29. Kh1 b6 30. Ne4 Rad8 31. Rac1 Qb7 32. Ng3 e6 33. Ne4 Bxe4 34. fxe4 Ne7 35. Bg5 Rd7 36. Bf6 Kh7 37. Bf3 Bh6 38. Rc3 Ng8 39. Bg5 Bxg5 40. Qxg5 c5 41. d5 exd5 42. exd5 Qc7 43. d6 Qd8 44. Qg3 Nh6 45. Bc6 Nf5 46. Qf4 Nd4 47. Bxd7 Qxd7 48. Rxd4 cxd4 49. Rc7 Qe6 50. Rxf7+ Kg8 51. Rf6 Qg4 52. d7 Rd8 53. Qxg4 hxg4 54. e6 Kg7 55. Rf1 1-0